Public involvement in energy facility planning (Record no. 55300)

MARC details
000 -LEADER
fixed length control field 00904nam a2200205 a 4500
008 - FIXED-LENGTH DATA ELEMENTS--GENERAL INFORMATION
fixed length control field 120416s1986 ||||||||||||||||| || u
020 ## - INTERNATIONAL STANDARD BOOK NUMBER
International Standard Book Number 0813372127
050 ## - LIBRARY OF CONGRESS CALL NUMBER
Classification number HD 9685 Pub
100 ## - MAIN ENTRY--PERSONAL NAME
Personal name Ducsik, Dennis W., 1946-
245 10 - TITLE STATEMENT
Title Public involvement in energy facility planning
Statement of responsibility, etc. edited by Dennis W. Ducsik
246 ## - VARYING FORM OF TITLE
Title proper/short title the electric utility experience
260 ## - PUBLICATION, DISTRIBUTION, ETC.
Place of publication, distribution, etc. Colorado
Name of publisher, distributor, etc. Westview Press
Date of publication, distribution, etc. 1986
300 ## - PHYSICAL DESCRIPTION
Extent xxi, 451 p. : ill.
350 ## - PRICE (NR) (BK AM CF MU VM SE) [OBSOLETE]
Price 0.00
490 ## - SERIES STATEMENT
Series statement Westview special studies in natural resources and energy management
500 ## - GENERAL NOTE
General note 'Annotated bibliography on citizen participation in power facility siting': p. 421-451.
650 ## - SUBJECT ADDED ENTRY--TOPICAL TERM
Topical term or geographic name entry element PUBLIC UTILITIES--LOCATION--DECISION MAKING--CITIZEN PARTICIPATION
650 ## - SUBJECT ADDED ENTRY--TOPICAL TERM
Topical term or geographic name entry element INDUSTRY
995 ## - RECOMMENDATION 995 [LOCAL, UNIMARC FRANCE]
-- 0.00
-- CBU-MAIN LIBRARY (Kitwe)
-- 1
-- 41.50
-- 1
-- AVAILABLE
-- Annex Low-Usage Collection
Holdings
Withdrawn status Lost status Source of classification or shelving scheme Damaged status Not for loan Home library Current library Shelving location Date acquired Total Checkouts Full call number Barcode Date last seen Price effective from Koha item type
          CBU-MAIN LIBRARY, KITWE. CBU-MAIN LIBRARY, KITWE.   11/30/2022   HD 9685 Pub 003174 11/30/2022 11/30/2022 MONOGRAPH